000 01778nam a22004817a 4500
003 CHAP
005 20220329135453.0
008 971013s1986 r 00010 d
010 _a37047
011 _a38019
035 _a42139
040 _cCHAP
090 _aTesis
100 0 0 _aOrtiz Uribe, Noé.
_984077
245 _aEvaluación económica de tres especies cultivables en la Comarca Lagunera a diferentes niveles de riego, distancia entre surcos y densidad de población
260 _aBermejillo, Dgo. :
_bEl autor,
_c1986
300 _a101 h.
_b; gráfs.
502 _aTesis (Ing. Agr. Esp. en Zonas Aridas) -- UACH. Departamento de Zonas Aridas
590 _aALEPH
_b10
_c20130110
_lUCH01
_h1302
590 _aBATCH-UPD
_b10
_c20130110
_lUCH01
_h0007
590 _aBATCH-UPD
_b10
_c20130110
_lUCH01
_h1153
590 _aBATCH-UPD
_b10
_c20130409
_lUCH01
_h1943
590 _aBATCH-UPD
_b10
_c20130410
_lUCH01
_h0736
590 _aBATCH-UPD
_b10
_c20130914
_lUCH01
_h0101
590 _aBATCH-UPD
_b10
_c20130914
_lUCH01
_h1747
590 _aCONVERSION
_b10
_c20130109
_lUCH01
_h1321
650 1 4 _aAlgodón
_xComarca Lagunera.
_93989
650 1 4 _aAlgodon
_xEspaciamiento.
_94008
650 1 4 _aAlgodon
_xIrrigacion.
_94028
650 1 4 _aAlgodón
_xRendimiento.
_94053
650 1 4 _aGirasol
_xComarca Lagunera.
_948131
650 1 4 _aGirasol
_xEspaciamiento.
_948145
650 1 4 _aGirasol
_xIrrigación.
_948158
650 1 4 _aGirasol
_xRendimiento.
_948171
650 1 4 _aMaíz
_xComarca Lagunera.
_970906
650 1 4 _aMaíz
_xEspaciamiento.
_970946
650 1 4 _aMaíz
_xIrrigación.
_970998
650 1 4 _aMaíz
_xRendimiento.
_971051
901 _aBK
942 _cFOLL
949 _bBC
_cTES
_d-96950
_eTS1
_h18834
_i42139
_si
949 _bBC
_cTES
_d-96952
_eTS2
_fc.2
_h18835
_i42139
_si
999 _c37047
_d37047